| 000 | 00749nam a22002534a 4500 | ||
|---|---|---|---|
| 999 |
_c154504 _d154504 |
||
| 003 | UPN | ||
| 005 | 20240831063740.0 | ||
| 008 | 111104s2006 es a r 000 1 spa d | ||
| 020 | _a8420550396 (10 dígitos) | ||
| 020 | _a9788420550398 (13 dígitos) | ||
| 035 | _aUPN01000182401 | ||
| 040 |
_aUPN _bspa _cUPN |
||
| 049 | _aI | ||
| 050 | 4 |
_aPQ6651 M6.2 _bC8.3 |
|
| 100 | 1 |
_aAmo Gili, Montserrat del, _d1927- _930835 |
|
| 245 | 1 | 0 |
_aCucú, cantaba la rana / _cMontserrat del Amo ; il. Tesa González. |
| 260 |
_aMadrid : _bPearson Alhambra, _cc2006. |
||
| 300 |
_a47 p. : _bil. col. |
||
| 490 |
_aPearson educación ; _v39 |
||
| 650 | 4 |
_aCuentos infantiles españoles _97725 |
|
| 905 | _aInfantil | ||
| 942 |
_2lcc _cLIBRO |
||